1396 1743 1692 1916 1245 1418 1442 1598 1192 1499 1047 1977 1403 1182 1943 1022 1150 1369 1982 1594 1898 1020 1644 1329 1347 1239 1766 1699 1154 1007 1418 1436 1796 1410 1089 1004 1017 1325 1643 1496 1482 1383 1951 1418 1963 1202 1456 1950 1442 1028 1365 1518 1056 1042 1498 1689 1274 1228 1154 1329 1071 1498 1169 1779 1809 1143 1840 1556 1504 1596 1137 1982 1357 1635 1856 1629 1496 1455 1575 1276 1040 1557 1080 1777 1711 1585 1657 1259 1776 1525 1858 1560 1280 1018 1249 1239 1714 1170 1910 BCNSPRNW ULIB Ver.6.0+V

เปลี่ยนเป็นภาษาไทย

Change to English
 แสดงรายละเอียดบรรณานุกรม
  กลับหน้าหลัก

Brief Record : Get Marc (ISO 2709) : E-mail record : QR code < ปิดหน้าต่าง
LEADER : 00000nam 2200000uu 4500
001    13399113133
003     ULIB
008    110927s2552||||th 000 0 tha d
020    9786117068065
050 04 Q158.5^bP111 2552
245 10 ฟิสิกส์ และ เคมี =^bEssential atlas of aqua /^cอรพิน ยงวัฒนา, แปล
246 31 Essential atlas of aqua
260    กรุงเทพฯ :^bชมรมเด็ก,^c2552
300    96 หน้า :^bภาพประกอบ, ตาราง
650  7 วาริชศาสตร์
700 00 อรพิน ยงวัฒนา,^eผู้แปล
945    ^p300^l0^i026581
995    ทศพร
999 ^a ทศพร
รายการนี้ยังไม่มีแท็ก
คุณยังไม่ได้ล็อกอิน คุณสามารถมีกิจกรรมร่วมกับเว็บไซต์ได้ แต่ต้องล็อกอินก่อน ::
  ล็อกอิน

รายการสื่อสารสนเทศ

ลำดับที่ ประเภท เลขเรียก/บาร์โค้ด สถานที่ สถานะ
- ไม่พบข้อมูล -

BibComment


ยังไม่เคยถูกคอมเมนท์

คอมเมนท์ทรัพยากรรายการนี้
  คอมเมนท์: ฟิสิกส์ และ เคมี ..


 Copyright 2026. Bcnsprnw @Library